000
00307nam a22001217a 4500
020
_a
9788189972844
082
_a
631.584
_b
PAT/OR
100
_a
Patro,Lingaraj
_9
976
245
_a
Organic Farming and Vermiculture
260
_a
Delhi
_b
Mangalam Publishers and Distributors
_c
2013
300
_a
349
942
_c
BK
999
_c
14564
_d
14564